=LDR 00000nam 2200000 4500 =001 NUTBA000000000005339 =005 20141028103836.0 =006 =007 =008 =020 ##$$a 978-979-25-4689-7 =035 ##$$a 0010-101400000000569 =040 ##$$a NBPDMAT =082 ##$$a 959.8 =090 ##$$a 959.8 $b Ach k =100 ##$$a Achmad Wisnu Aji =245 ##$$a Kudeta superman : $b penyerahan atau perampasan kekerasan / $c oleh Achmad Wisnu Aji =260 ##$$a Jakarta : $b Garasi, $c 2012 =300 ##$$a 168 hlm. ; $c 21 cm. =650 ##$$a Indonesia-Sejarah Supersemar